000 00493nam a2200157 4500
001 139414
003 ES-MaACL
005 20230906195811.0
007 t|
008 070214s1972 sp r ||||1| spa d
100 1 _aSchaeffer, Francis A.
_9104190
245 1 4 _aLos caminos de la juventud, hoy
_b: (la nueva super-espiritualidad) /
_cFrancis A. Schèaffer.
260 _aBarcelona :
_bEd. Evangélicas Europeas,
_c1972.
300 _a51 p. ;
_c18 cm.
852 _aES-MaACL
_jC-45497
_bR.83737
999 _c139414
_d139414